English Football Club Badges #2 - Statistics

General Stats
  • This quiz has been taken 3,007 times
    1,755 since last reset
  • The average score is 12 of 16
Answer Stats
Picture Answer % Correct
Everton
99%
Manchester City
93%
Newcastle United
93%
Ipswich Town
90%
Burnley
89%
Sheffield Wednesday
83%
Oxford United
82%
Preston North End
80%
Rotherham United
67%
Gillingham
66%
Leyton Orient
66%
Swindon Town
65%
Morecambe
63%
Fleetwood Town
62%
Crewe Alexandra
59%
Stevenage
47%
No matching quizzes found
Score Distribution
Percent of People with Each Score
Percentile by Number Answered
Your Score History
You have not taken this quiz since the last reset